[Event "22nd TCh-SLO 2012"]
[Site "Slovenia SLO"]
[Date "2012.12.01"]
[Round "5"]
[White "Guid,M"]
[Black "Mestrovic,Z"]
[Result "1-0"]
[WhiteTitle "FM"]
[BlackTitle "IM"]
[WhiteElo "2271"]
[BlackElo "2320"]
[WhiteTeam "SD dr. Milan Vidmar LJ"]
[BlackTeam "SK Triglav Krsko"]
[WhiteFideId "14601966"]
[BlackFideId "14602059"]
[EventDate "2012.11.23"]

1. e4 Nc6 2. Nf3 d6 3. Bb5 Bd7 4. d4 a6 5. Bxc6 Bxc6 6. Nc3 Nf6 7. Qe2 g6 8. Bg5
h6 9. Bh4 Nh5 10. Qe3 g5 11. Bg3 b5 12. e5 b4 13. Ne4 d5 14. e6 f6 15. Nc5 Bg7
16. Qd3 O-O 17. Nxa6 f5 18. Nxb4 Be8 19. Be5 Bxe5 20. Nxe5 Qd6 21. Qc3 Nf4 22.
g3 Nxe6 23. O-O-O Bh5 24. f3 Nd8 25. a3 e6 26. h4 g4 27. Qe3 Nf7 28. Nxf7 Kxf7
29. f4 Rfb8 30. Rhe1 Rb6 31. Rd3 Kf6 32. Qe5+ Qxe5 33. Rxe5 Be8 34. Rc3 Ra7 35.
Nd3 Bd7 36. Nc5 Bc8 37. Rce3 Kf7 38. b4 Ra8 39. Kb2 Ra7 40. Kb3 Ra8 41. Re1 Ra7
42. a4 Ra8 43. Ka3 Ra7 44. a5 Rd6 45. Ka4 c6 46. R5e3 Kf6 47. Kb3 Kf7 48. Kc3
Kf6 49. Ra1 Ba6 50. Rae1 Bc8 51. Kb3 Kf7 52. Ka4 Kf6 53. Ra1 Ba6 54. Nxa6 Rxa6
55. Rc3 Ra7 56. Rc5 Ke7 57. Ra3 Kd7 58. Rac3 Ra8 59. b5 cxb5+ 60. Rxb5 Rda6 61.
Rb7+ Kd6 62. Rc5 R8a7 63. Rxa7 Rxa7 64. c3 Ra8 65. Rb5 h5 66. Rb6+ Kd7 67. a6
Rc8 68. a7 Ra8 69. Ra6 Kc7 70. Kb5 Kb7 71. Ra5 Kc7 72. Ka6 Rd8 73. Rc5+ Kd6 74.
Kb7 1-0

[Event "22nd TCh-SLO 2012"]
[Site "Slovenia SLO"]
[Date "2012.12.01"]
[Round "5"]
[White "Kos,T"]
[Black "Saradjen,J"]
[Result "1-0"]
[WhiteTitle "IM"]
[WhiteElo "2328"]
[BlackElo "2137"]
[WhiteTeam "SK Triglav Krsko"]
[BlackTeam "SD dr. Milan Vidmar LJ"]
[WhiteFideId "14601508"]
[BlackFideId "14601818"]
[EventDate "2012.11.23"]

1. e4 c5 2. Nf3 Nc6 3. Bb5 Na5 4. c3 a6 5. Be2 d5 6. exd5 Qxd5 7. d4 cxd4 8.
cxd4 e6 9. O-O Nf6 10. Nc3 Qd8 11. Ne5 Be7 12. Be3 O-O 13. Rc1 Nd7 14. f4 Nb6
15. Bd3 f5 16. Rf3 Bd7 17. Rh3 Be8 18. g4 Nd5 19. Nxd5 Qxd5 20. Qe1 Bc6 21. Nxc6
Nxc6 22. gxf5 Nxd4 23. f6 Rxf6 24. Bxh7+ Kf8 25. Qd1 Rd8 26. Qg4 Nf5 27. Bxf5
Qxf5 28. Qxf5 Rxf5 29. Rc7 Rd3 30. Kf2 Rb5 31. b3 Kf7 32. Ke2 Rdd5 33. Rh8 Kf6
34. Kf3 Bd6 35. Rcc8 Be7 36. Rc7 Bd8 37. Rc8 Be7 38. h4 Bc5 39. Bc1 Rd3+ 40. Ke4
Rd5 41. Bb2+ Kg6 42. Be5 Rb4+ 43. Kf3 Kf5 44. Rh5+ 1-0

[Event "22nd TCh-SLO 2012"]
[Site "Slovenia SLO"]
[Date "2012.12.02"]
[Round "6"]
[White "Brumen,D"]
[Black "Zupancic,J"]
[Result "1/2-1/2"]
[WhiteTitle "IM"]
[WhiteElo "2357"]
[BlackElo "2162"]
[WhiteTeam "SK Triglav Krsko"]
[BlackTeam "SD KRKA Novo mesto"]
[WhiteFideId "14501490"]
[BlackFideId "14607280"]
[EventDate "2012.11.23"]

1. d4 d5 2. c4 c6 3. Nf3 Nf6 4. e3 e6 5. Bd3 Be7 6. O-O O-O 7. Ne5 Nbd7 8. f4
Ne4 9. Nc3 f5 10. g4 g6 11. Kh1 Kh8 12. Qe2 Nxe5 13. dxe5 Nxc3 14. bxc3 b6 15.
gxf5 gxf5 16. cxd5 cxd5 17. Bd2 Bb7 18. h3 Rg8 19. Rg1 Qe8 20. Kh2 Qf7 21. Ba6
Bc6 22. Bb5 Bb7 23. Raf1 Rxg1 24. Rxg1 Rg8 25. Rxg8+ Kxg8 26. Be1 Qg6 27. Qf1
Bc5 28. Bf2 Qg7 29. Be2 Qc7 30. Bf3 Be7 31. Be1 Qc8 32. c4 Kf8 33. cxd5 Qc2+ 34.
Kg3 Bxd5 35. Bxd5 exd5 36. Qb5 Qd1 37. Bf2 Qd2 38. Qd7 Bh4+ 39. Kxh4 Qxf2+ 40.
Kh5 Qf3+ 41. Kh4 Qf2+ 1/2-1/2

[Event "22nd TCh-SLO 2012"]
[Site "Slovenia SLO"]
[Date "2012.12.02"]
[Round "6"]
[White "Mestrovic,Z"]
[Black "Kaps,D"]
[Result "1/2-1/2"]
[WhiteTitle "IM"]
[BlackTitle "WGM"]
[WhiteElo "2320"]
[BlackElo "2219"]
[WhiteTeam "SK Triglav Krsko"]
[BlackTeam "SD KRKA Novo mesto"]
[WhiteFideId "14602059"]
[BlackFideId "14602334"]
[EventDate "2012.11.23"]

1. d4 f5 2. Nc3 Nf6 3. d5 d6 4. Nf3 g6 5. e4 fxe4 6. Ng5 Bg7 7. Ngxe4 Nbd7 8.
Ng5 Nc5 9. Bb5+ Bd7 10. O-O Bxb5 11. Nxb5 h6 12. Ne6 Nxe6 13. dxe6 O-O 14. Qd3
Kh7 15. Nc3 c6 16. Ne2 Qa5 17. Nf4 Qf5 18. Qxf5 gxf5 19. Rd1 a5 20. a4 Rfb8 21.
Ne2 Ne4 22. Ra3 Nc5 23. Re1 b5 24. Rf3 Nxa4 25. Ng3 Bxb2 26. Bxb2 Nxb2 27. Nxf5
Ra7 28. Re4 Rf8 29. Rg4 Rf6 30. Rg7+ Kh8 31. Rfg3 Ra8 32. Nxe7 Rxe6 33. h4 a4
34. Nxc6 a3 35. Nb4 Re4 36. R7g6 Rxh4 37. Rxd6 a2 38. Nxa2 Rxa2 39. Rd8+ 1/2-1/2

[Event "22nd TCh-SLO 2012"]
[Site "Slovenia SLO"]
[Date "2012.12.02"]
[Round "6"]
[White "Mejak,Severin"]
[Black "Kos,T"]
[Result "0-1"]
[BlackTitle "IM"]
[WhiteElo "2071"]
[BlackElo "2328"]
[WhiteTeam "SD KRKA Novo mesto"]
[BlackTeam "SK Triglav Krsko"]
[WhiteFideId "14609886"]
[BlackFideId "14601508"]
[EventDate "2012.11.23"]

1. d4 d5 2. c4 dxc4 3. Nf3 Nf6 4. e3 e6 5. Bxc4 c5 6. O-O a6 7. a4 Nc6 8. Qe2
cxd4 9. Rd1 Be7 10. exd4 O-O 11. Nc3 Nb4 12. Bg5 Bd7 13. Ne5 Be8 14. Rac1 Rc8
15. Bb3 Rc7 16. Qf3 Bc6 17. Nxc6 Rxc6 18. Be3 Qd7 19. Ne4 Rxc1 20. Rxc1 Nxe4 21.
Qxe4 Rd8 22. g4 g6 23. h4 Nd5 24. g5 Bd6 25. Qf3 Ne7 26. h5 Nf5 27. hxg6 hxg6
28. Rd1 Kg7 29. d5 e5 30. Bc2 Rh8 31. Bxf5 gxf5 32. Kg2 f4 33. Bd2 Qf5 34. Rg1
Kg6 35. Bc3 e4 36. Qd1 Qh3# 0-1

[Event "22nd TCh-SLO 2012"]
[Site "Slovenia SLO"]
[Date "2012.12.02"]
[Round "6"]
[White "Bozic,Ma"]
[Black "Rifelj,L"]
[Result "0-1"]
[WhiteElo "2086"]
[BlackElo "1881"]
[WhiteTeam "SK Triglav Krsko"]
[BlackTeam "SD KRKA Novo mesto"]
[WhiteFideId "14601338"]
[BlackFideId "14603462"]
[EventDate "2012.11.23"]

1. e4 c5 2. Nf3 d6 3. d4 cxd4 4. Nxd4 Nf6 5. Nc3 a6 6. Be2 e6 7. Be3 Be7 8. g4
O-O 9. h4 b5 10. g5 Nfd7 11. Qd2 Bb7 12. f3 Nb6 13. h5 b4 14. Nd1 d5 15. e5 Nc4
16. Bxc4 dxc4 17. g6 Qd5 18. gxh7+ Kxh7 19. Nf2 Nd7 20. f4 Nc5 21. c3 Nd3+ 22.
Ke2 Nxf2 23. Bxf2 Qe4+ 24. Be3 Qg2+ 25. Bf2 Qg4+ 26. Ke3 Bxh1 27. Rxh1 Bc5 28.
Rg1 Qxh5 29. Rg5 Qh3+ 30. Bg3 bxc3 31. bxc3 Rfd8 32. Qd1 g6 33. Kf3 Bxd4 34.
cxd4 Kg7 35. f5 exf5 36. d5 Rxd5 37. Qa1 Rd3+ 38. Kf2 Rad8 39. Qb1 Rxg3 40. Rxg3
Qh2+ 0-1

[Event "22nd TCh-SLO 2012"]
[Site "Slovenia SLO"]
[Date "2012.12.02"]
[Round "6"]
[White "Horvath,Ad1"]
[Black "Solak,D"]
[Result "1/2-1/2"]
[WhiteTitle "GM"]
[BlackTitle "GM"]
[WhiteElo "2495"]
[BlackElo "2597"]
[WhiteTeam "SD Rokada Lendava"]
[BlackTeam "SD dr. Milan Vidmar LJ"]
[WhiteFideId "708003"]
[BlackFideId "916811"]
[EventDate "2012.11.23"]

1. e4 c6 2. d4 d5 3. Nc3 dxe4 4. Nxe4 Bf5 5. Ng3 Bg6 6. h4 h6 7. Nf3 Nd7 8. h5
Bh7 9. Bd3 Bxd3 10. Qxd3 e6 11. Bd2 Ngf6 12. O-O-O Be7 13. Kb1 O-O 14. Ne4 c5
15. g4 Nxe4 16. Qxe4 cxd4 17. Nxd4 Nf6 18. Qd3 Bc5 19. Bc3 Nd5 20. Nxe6 fxe6 21.
Bxg7 Rf7 22. Qg6 Rxg7 23. Qxe6+ Rf7 24. Qg6+ Rg7 25. Qe6+ Rf7 26. Qg6+ Rg7 27.
Qe6+ Rf7 28. Qg6+ Rg7 1/2-1/2

[Event "22nd TCh-SLO 2012"]
[Site "Slovenia SLO"]
[Date "2012.12.02"]
[Round "6"]
[White "Sifrer,D"]
[Black "Barle,J"]
[Result "1/2-1/2"]
[WhiteTitle "IM"]
[BlackTitle "IM"]
[WhiteElo "2393"]
[BlackElo "2374"]
[WhiteTeam "SD Rokada Lendava"]
[BlackTeam "SD dr. Milan Vidmar LJ"]
[WhiteFideId "14600110"]
[BlackFideId "14600021"]
[EventDate "2012.11.23"]

1. d4 d5 2. c4 e6 3. Nc3 Bb4 4. e3 Nf6 5. Nf3 O-O 6. Bd3 c5 7. O-O b6 8. a3 Bxc3
9. bxc3 Ba6 10. cxd5 Bxd3 11. Qxd3 exd5 12. c4 cxd4 13. Nxd4 dxc4 14. Qxc4 Qd7
15. Bb2 Rc8 16. Qb3 Na6 17. a4 Nc5 18. Qb5 Qd5 19. Rfd1 a6 1/2-1/2

[Event "22nd TCh-SLO 2012"]
[Site "Slovenia SLO"]
[Date "2012.12.02"]
[Round "6"]
[White "Jelen,Ig"]
[Black "Ivanec,D"]
[Result "1-0"]
[WhiteTitle "IM"]
[WhiteElo "2368"]
[BlackElo "2191"]
[WhiteTeam "SD dr. Milan Vidmar LJ"]
[BlackTeam "SD Rokada Lendava"]
[WhiteFideId "14600668"]
[BlackFideId "14604400"]
[EventDate "2012.11.23"]

1. d4 Nf6 2. c4 e6 3. Nc3 Bb4 4. e3 O-O 5. Bd3 d5 6. a3 Be7 7. Nf3 c5 8. O-O Nc6
9. dxc5 dxc4 10. Bxc4 Qxd1 11. Rxd1 Bxc5 12. b4 Be7 13. Bb2 a6 14. e4 Rd8 15. e5
Nd7 16. Ne4 Kf8 17. Bb3 b5 18. Rd2 a5 19. Rc1 Bb7 20. Rcd1 axb4 21. Rxd7 bxa3
22. Ba1 Na5 23. Rxd8+ Rxd8 24. Rxd8+ Bxd8 25. Nc5 Bb6 26. Bd4 Nxb3 27. Nxb3 Bxd4
28. Nfxd4 Bd5 29. f4 f6 30. Kf2 g5 31. fxg5 fxe5 32. Nxb5 Bxb3 33. Nxa3 Kf7 34.
g4 Bd1 35. Kg3 Be2 36. Nc2 Bd3 37. Ne1 Bb1 38. Nf3 e4 39. Nd2 Bc2 40. Kf4 e5+
41. Kxe5 e3 42. Nf3 Bd1 43. Kf4 e2 44. h4 Ba4 45. Ke3 Bd7 46. Ne5+ Ke6 47. Nd3
Kf7 48. Kf2 Bc8 49. Ne5+ Ke6 50. Nc4 Ba6 51. Ne3 Ke5 52. h5 Bd3 53. g6 hxg6 54.
h6 Kf6 55. g5+ Kf7 56. Nd5 Kg8 57. Nf4 Bf5 58. Kxe2 Kh7 59. Kf2 Bb1 60. Ke3 Bc2
61. Kd4 Bb1 62. Ke5 Bc2 63. Kf6 Bb1 64. Ne6 Kg8 65. Nf8 Bc2 66. Nxg6 Bb1 67.
Ne7+ Kh8 68. Nf5 1-0

[Event "22nd TCh-SLO 2012"]
[Site "Slovenia SLO"]
[Date "2012.12.02"]
[Round "6"]
[White "Gerencer,J"]
[Black "Saradjen,J"]
[Result "1/2-1/2"]
[WhiteTitle "FM"]
[WhiteElo "2025"]
[BlackElo "2137"]
[WhiteTeam "SD Rokada Lendava"]
[BlackTeam "SD dr. Milan Vidmar LJ"]
[WhiteFideId "14601257"]
[BlackFideId "14601818"]
[EventDate "2012.11.23"]

1. d4 g6 2. Nf3 Bg7 3. Bf4 d6 4. e3 c5 5. c3 cxd4 6. exd4 Nf6 7. Bc4 O-O 8. O-O
Qb6 9. Qb3 Qc7 10. Nbd2 Nc6 11. Bd3 Be6 12. Qd1 Rad8 13. Ne4 Bg4 14. h3 Bxf3 15.
Nxf6+ Bxf6 16. Qxf3 Bg7 17. d5 Ne5 18. Bxe5 Bxe5 1/2-1/2

[Event "22nd TCh-SLO 2012"]
[Site "Slovenia SLO"]
[Date "2012.12.02"]
[Round "6"]
[White "Starcic,T"]
[Black "Nerat,Ivan"]
[Result "0-1"]
[WhiteElo "2094"]
[BlackElo "2035"]
[WhiteTeam "SD dr. Milan Vidmar LJ"]
[BlackTeam "SD Rokada Lendava"]
[WhiteFideId "14602547"]
[BlackFideId "14609533"]
[EventDate "2012.11.23"]

1. d4 e6 2. c4 f5 3. Nf3 Nf6 4. g3 d5 5. Bg2 c6 6. O-O Bd6 7. Qc2 O-O 8. Bf4 Ne4
9. Nc3 g5 10. Bxd6 Nxd6 11. c5 Nf7 12. b4 Qf6 13. Rad1 Nd7 14. Ne1 Qg6 15. f4
gxf4 16. gxf4 Qh6 17. Rd3 Nh8 18. Rh3 Qg7 19. e3 b5 20. Kh1 a5 21. Nd3 Nf6 22.
Rg1 Ng6 23. Bf3 axb4 24. Nxb4 Bd7 25. Rhg3 Qh6 26. Nd3 Kf7 27. a4 Ne4 28. Bxe4
fxe4 29. Ne5+ Nxe5 30. fxe5 b4 31. Ne2 Rg8 32. Nf4 Rxg3 33. Rxg3 Rg8 34. Kg2 Rb8
35. Qb3 Bc8 36. Rh3 Qg7+ 37. Rg3 Qh6 38. Rh3 Qg5+ 39. Rg3 Qh4 40. Rh3 Qe1 41.
Rxh7+ Kg8 42. Rc7 Ba6 43. Kh3 Bd3 44. Qb2 Qxe3+ 45. Kg4 Qf3+ 46. Kg5 Rf8 47.
Rg7+ Kxg7 48. Nxe6+ Kf7 49. Nxf8 Be2 50. e6+ Kxf8 51. a5 Kg7 52. e7 Qg4# 0-1

[Event "22nd TCh-SLO 2012"]
[Site "Slovenia SLO"]
[Date "2012.12.02"]
[Round "6"]
[White "Srebrnic,M"]
[Black "Sebenik,M"]
[Result "1/2-1/2"]
[WhiteTitle "FM"]
[BlackTitle "GM"]
[WhiteElo "2378"]
[BlackElo "2543"]
[WhiteTeam "SK Nova Gorica"]
[BlackTeam "SD Vrhnika"]
[WhiteFideId "14603616"]
[BlackFideId "14602296"]
[EventDate "2012.11.23"]

1. e4 c5 2. Nf3 d6 3. g3 Nf6 4. Nc3 Nc6 5. Bg2 g6 6. O-O Bg7 7. d3 O-O 8. Bg5
Rb8 9. Qd2 b5 10. Bh6 e5 11. Nh4 Bxh6 12. Qxh6 Nd4 13. Qd2 Be6 14. Rae1 c4 15.
f4 cxd3 16. cxd3 b4 17. Ne2 Nxe2+ 18. Rxe2 exf4 19. gxf4 Nh5 20. Nf3 f5 21. e5
dxe5 22. fxe5 f4 23. d4 g5 24. d5 Bxd5 25. Nxg5 Bc4 26. Qc2 Bd3 27. Qb3+ Kh8 28.
Rd2 Qxg5 29. Rxd3 f3 30. Rdxf3 Nf4 31. Qc2 Rbc8 32. Rxf4 Rxc2 33. Rxf8+ Kg7 34.
R8f7+ Kg8 35. Rf8+ Kg7 36. R8f7+ Kg8 37. Rf8+ Kg7 1/2-1/2

[Event "22nd TCh-SLO 2012"]
[Site "Slovenia SLO"]
[Date "2012.12.02"]
[Round "6"]
[White "Gostisa,L"]
[Black "Srebrnic,A"]
[Result "1-0"]
[WhiteTitle "IM"]
[BlackTitle "WGM"]
[WhiteElo "2419"]
[BlackElo "2204"]
[WhiteTeam "SD Vrhnika"]
[BlackTeam "SK Nova Gorica"]
[WhiteFideId "14600722"]
[BlackFideId "14603314"]
[EventDate "2012.11.23"]

1. d4 d6 2. Nf3 Nf6 3. Bg5 g6 4. Nbd2 Bg7 5. e3 h6 6. Bh4 g5 7. Bg3 Nh5 8. Bc4
e6 9. c3 Qe7 10. O-O Nd7 11. Re1 O-O 12. Nf1 Nxg3 13. hxg3 Nb6 14. Bb3 e5 15. e4
c6 16. Qd3 Be6 17. Ne3 Rfd8 18. Rad1 Qf6 19. d5 Bd7 20. dxc6 Bxc6 21. Nd2 Bf8
22. Ndf1 Bd7 23. Qe2 Qg6 24. Nd5 Nxd5 25. Bxd5 Rab8 26. g4 Qf6 27. Rd3 Qe7 28.
Red1 Be6 29. Ng3 Qd7 30. Nh5 Be7 31. Rg3 Qa4 32. b3 Qa5 33. Rh3 Rdc8 34. c4 b5
35. Ng3 Bf8 36. Nf5 Bxf5 37. gxf5 bxc4 38. Bxc4 Qd8 39. f6 Rxc4 40. Qxc4 Qxf6
41. Rf3 Qg6 42. Rc3 a5 43. Qe2 h5 44. Rd5 a4 45. bxa4 Rb1+ 46. Rd1 Rxd1+ 47.
Qxd1 Qxe4 48. Re3 Qg6 49. a5 Qe6 50. Qxh5 Be7 51. Rh3 Bf6 52. Rb3 Qc8 53. Qd1
Kg7 54. Rb6 d5 55. Qf3 Qc1+ 56. Kh2 Bd8 57. Rb7 Bf6 58. g3 e4 59. Qh5 1-0

[Event "22nd TCh-SLO 2012"]
[Site "Slovenia SLO"]
[Date "2012.12.02"]
[Round "6"]
[White "Srebrnic,V"]
[Black "Kavcic,Z"]
[Result "0-1"]
[BlackTitle "FM"]
[WhiteElo "2220"]
[BlackElo "2269"]
[WhiteTeam "SK Nova Gorica"]
[BlackTeam "SD Vrhnika"]
[WhiteFideId "14600498"]
[BlackFideId "14604582"]
[EventDate "2012.11.23"]

1. c4 c5 2. Nc3 Nc6 3. Nf3 Nd4 4. e3 Nxf3+ 5. Qxf3 g6 6. b3 Bg7 7. Bb2 d6 8. Be2
Nh6 9. h3 O-O 10. O-O Rb8 11. Rfd1 Bd7 12. Bf1 Bc6 13. Qe2 Nf5 14. d3 a6 15. g3
b5 16. Bg2 Qd7 17. Bxc6 Qxc6 18. Nd5 Rb7 19. Qf3 Kh8 20. Bxg7+ Kxg7 21. Kg2 e6
22. e4 exd5 23. exf5 gxf5 24. Rac1 Rc7 25. cxd5 Qd7 26. Re1 Rcc8 27. Re3 Rfe8
28. Rce1 Rxe3 29. Rxe3 h6 30. Qf4 Kg6 31. g4 fxg4 32. hxg4 Kg7 33. Rh3 Rh8 34.
g5 Qxh3+ 0-1

[Event "22nd TCh-SLO 2012"]
[Site "Slovenia SLO"]
[Date "2012.12.02"]
[Round "6"]
[White "Praznik,N"]
[Black "Rusjan,M"]
[Result "0-1"]
[WhiteTitle "FM"]
[WhiteElo "2294"]
[BlackElo "2204"]
[WhiteTeam "SD Vrhnika"]
[BlackTeam "SK Nova Gorica"]
[WhiteFideId "14601621"]
[BlackFideId "14601567"]
[EventDate "2012.11.23"]

1. c4 Nf6 2. g3 c6 3. Nf3 d5 4. b3 g6 5. Bb2 Bg7 6. Bg2 O-O 7. O-O Re8 8. d4 Ne4
9. Nbd2 f5 10. Nxe4 dxe4 11. Ne5 Bxe5 12. dxe5 Qxd1 13. Rfxd1 Be6 14. Rd2 a5 15.
g4 e3 16. fxe3 fxg4 17. a4 Nd7 18. Bd4 Rf8 19. Be4 Kg7 20. Rad1 h5 21. Bc2 h4
22. Bc3 Nb6 23. Bb2 Rae8 24. Be4 Rh8 25. Kg2 Ref8 26. Ba3 Nc8 27. Rh1 Rf7 28.
Rf1 h3+ 29. Kg1 Rxf1+ 30. Kxf1 g3 31. hxg3 h2 32. Bh1 Bh3+ 33. Ke1 Rf8 34. Rd1
Rf1+ 35. Kd2 Rg1 36. e4 Rxg3 37. e3 Rg1 38. Re1 Bg2 0-1

[Event "22nd TCh-SLO 2012"]
[Site "Slovenia SLO"]
[Date "2012.12.02"]
[Round "6"]
[White "Rusjan,D"]
[Black "Justin,M"]
[Result "0-1"]
[BlackTitle "FM"]
[WhiteElo "2081"]
[BlackElo "2323"]
[WhiteTeam "SK Nova Gorica"]
[BlackTeam "SD Vrhnika"]
[WhiteFideId "14602458"]
[BlackFideId "14600242"]
[EventDate "2012.11.23"]

1. e4 c5 2. Nf3 d6 3. d4 cxd4 4. Nxd4 Nf6 5. Nc3 a6 6. Be2 e6 7. O-O Nbd7 8. f4
b5 9. a3 Bb7 10. Bf3 Qc7 11. Qe2 e5 12. Nf5 g6 13. fxe5 dxe5 14. Ne3 Bg7 15. Ng4
Nxg4 16. Bxg4 Nb6 17. Qf2 O-O 18. Be2 f5 19. Be3 Nc4 20. Bc5 Nxb2 21. Bxf8 Bxf8
22. Qg3 Rc8 23. exf5 Qxc3 24. fxg6 Qxg3 25. gxh7+ Kxh7 26. hxg3 Bc5+ 27. Kh2 Kg6
28. Bg4 Rc7 29. Bf5+ Kg7 30. g4 Nc4 31. a4 Bd4 32. c3 Bxc3 33. Rac1 b4 34. Rh1
Ne3 35. Kg3 Nxf5+ 36. gxf5 b3 0-1

[Event "22nd TCh-SLO 2012"]
[Site "Slovenia SLO"]
[Date "2012.12.02"]
[Round "6"]
[White "Tratar,M"]
[Black "Ruck,R1"]
[Result "1/2-1/2"]
[WhiteTitle "GM"]
[BlackTitle "GM"]
[WhiteElo "2516"]
[BlackElo "2568"]
[WhiteTeam "SK Branik Maribor"]
[BlackTeam "SD Radenska Pomgrad"]
[WhiteFideId "14600684"]
[BlackFideId "705713"]
[EventDate "2012.11.23"]

1. Nf3 Nf6 2. c4 c5 3. g3 d5 4. cxd5 Nxd5 5. Bg2 Nc6 6. d4 cxd4 7. Nxd4 Ndb4 8.
Nxc6 Qxd1+ 9. Kxd1 Nxc6 10. Bxc6+ bxc6 11. Be3 e5 12. Nc3 Bb4 13. Kd2 Be6 14.
Rhc1 O-O-O+ 15. Ke1 Kb7 16. f3 Rd5 17. a3 Bxc3+ 18. Rxc3 f6 19. Rac1 Rc8 20.
Rb3+ Rb5 21. Rxb5+ cxb5 22. Rxc8 Bxc8 23. Bc5 g6 24. e4 a5 25. Be7 f5 26. Bd6
fxe4 27. fxe4 Kc6 28. Bxe5 Bh3 29. Kf2 Kd7 30. Bc3 a4 31. Ke3 1/2-1/2

[Event "22nd TCh-SLO 2012"]
[Site "Slovenia SLO"]
[Date "2012.12.02"]
[Round "6"]
[White "Supancic,D"]
[Black "Gruskovnjak,T"]
[Result "1-0"]
[WhiteTitle "FM"]
[BlackTitle "FM"]
[WhiteElo "2370"]
[BlackElo "2388"]
[WhiteTeam "SK Branik Maribor"]
[BlackTeam "SD Radenska Pomgrad"]
[WhiteFideId "14600773"]
[BlackFideId "14602326"]
[EventDate "2012.11.23"]

1. d4 d5 2. Bf4 Bg4 3. c3 Nc6 4. Nd2 e6 5. Ngf3 Bd6 6. Bg3 Nge7 7. e4 Bxg3 8.
hxg3 dxe4 9. Nxe4 Qd5 10. Ned2 O-O-O 11. Bc4 Qf5 12. Nh4 Bxd1 13. Nxf5 Nxf5 14.
Rxd1 Nd6 15. O-O e5 16. dxe5 Nxe5 17. Be2 Rhe8 18. Rfe1 c5 19. Kf1 Kc7 20. Nf3
b6 21. Nxe5 Rxe5 22. Bd3 Rde8 23. Rxe5 Rxe5 24. Be2 a5 25. a4 Re4 26. Ra1 h6 27.
Bd3 Re5 28. Be2 Rf5 29. Rd1 g6 30. g4 Rf4 31. Ra1 Ne4 32. f3 g5 33. Ke1 Nd6 34.
Kd2 Rf6 35. Rh1 Kd7 36. Bd3 Ke7 37. Ke3 Re6+ 38. Kf2 Kf8 39. Bf5 Rf6 40. Bd3 Kg7
41. Re1 Re6 42. Rb1 c4 43. Be2 Rf6 44. Rd1 Ne4+ 45. Ke3 Nc5 46. Bxc4 Nxa4 47.
Rd2 Rc6 48. Bb5 Re6+ 49. Kf2 Nc5 50. Rd8 Re5 51. Bc4 Na4 52. Rd2 b5 53. Bb3 Nc5
54. Bc2 Kf6 55. Bf5 Ke7 56. b4 axb4 57. cxb4 Ne6 58. Be4 Ng7 59. Ra2 h5 60. Ra7+
Kf6 61. gxh5 Nxh5 62. Ra6+ Ke7 63. Ra7+ Ke6 64. Rb7 Nf4 65. g3 Ng6 66. Bc6 f5
67. Bxb5 Ne7 68. Bc4+ Kd6 69. Rb6+ Kd7 70. Rf6 Nc6 71. b5 Nd4 72. b6 Rc5 73.
Rf7+ Ke8 74. b7 Nc6 75. Rc7 Rxc4 76. Rxc6 Rxc6 77. b8=Q+ 1-0

[Event "22nd TCh-SLO 2012"]
[Site "Slovenia SLO"]
[Date "2012.12.02"]
[Round "6"]
[White "Gjuran,D"]
[Black "Dizdar,S"]
[Result "1-0"]
[WhiteTitle "FM"]
[BlackTitle "FM"]
[WhiteElo "2336"]
[BlackElo "2308"]
[WhiteTeam "SD Radenska Pomgrad"]
[BlackTeam "SK Branik Maribor"]
[WhiteFideId "14603373"]
[BlackFideId "14400260"]
[EventDate "2012.11.23"]

1. e4 e6 2. d4 d5 3. exd5 exd5 4. c4 Bb4+ 5. Nc3 Qe7+ 6. Be3 Nf6 7. a3 Bxc3+ 8.
bxc3 O-O 9. Nf3 Nc6 10. h3 Re8 11. Bd3 dxc4 12. Bxc4 Be6 13. Bd3 Na5 14. O-O Bb3
15. Qb1 Bc4 16. Re1 Bxd3 17. Qxd3 Qe4 18. Qf1 Qd5 19. Ne5 c5 20. Rab1 c4 21. a4
a6 22. Qe2 Rac8 23. Bg5 Kh8 24. Qc2 Nc6 25. Qf5 Ne7 26. Qf4 Neg8 27. Rb6 h6 28.
Bxf6 Nxf6 29. Rd6 1-0

[Event "22nd TCh-SLO 2012"]
[Site "Slovenia SLO"]
[Date "2012.12.02"]
[Round "6"]
[White "Navinsek,T"]
[Black "Cigan,S"]
[Result "1/2-1/2"]
[WhiteTitle "FM"]
[BlackTitle "IM"]
[WhiteElo "2278"]
[BlackElo "2374"]
[WhiteTeam "SK Branik Maribor"]
[BlackTeam "SD Radenska Pomgrad"]
[WhiteFideId "14600340"]
[BlackFideId "14600064"]
[EventDate "2012.11.23"]

1. d4 Nf6 2. Nc3 d5 3. Bg5 Nbd7 4. e3 g6 5. f4 Bg7 6. Nf3 O-O 7. Bd3 c6 8. Qd2
Nb6 9. O-O Bf5 10. Bxf5 gxf5 11. Bxf6 Bxf6 12. Ne5 Nc8 13. Qe2 Nd6 14. Qh5 Kg7
15. Rf3 Rh8 16. Ne2 e6 17. g4 Kf8 18. gxf5 exf5 19. Ng3 Qc8 20. Qh6+ Ke7 21. Nh5
Qe6 22. Ng3 Rag8 23. Kh1 Rg7 24. Qh5 Rhg8 25. b3 Kd8 26. Rc1 Be7 27. Rg1 Ne4 28.
Rg2 f6 29. Nd3 Nxg3+ 30. Rgxg3 Bf8 31. Qh3 Rxg3 32. hxg3 Rg6 33. Qf1 Qg8 34. Kg2
Rh6 35. Nf2 Rg6 36. Qh1 1/2-1/2

[Event "22nd TCh-SLO 2012"]
[Site "Slovenia SLO"]
[Date "2012.12.02"]
[Round "6"]
[White "Lazar,Ales ML"]
[Black "Simic,Draga SLO"]
[Result "1-0"]
[WhiteTitle "FM"]
[BlackTitle "FM"]
[WhiteElo "2304"]
[BlackElo "2289"]
[WhiteTeam "SD Radenska Pomgrad"]
[BlackTeam "SK Branik Maribor"]
[WhiteFideId "14603039"]
[BlackFideId "14600803"]
[EventDate "2012.11.23"]

1. e4 c5 2. c3 e6 3. d4 d5 4. exd5 exd5 5. Nf3 Nc6 6. Bb5 Bd6 7. O-O Ne7 8. dxc5
Bxc5 9. Nbd2 O-O 10. Nb3 Bb6 11. Re1 Nf5 12. Bd3 h6 13. Bxf5 Bxf5 14. Be3 Be4
15. Bxb6 Qxb6 16. Nfd4 Nxd4 17. Qxd4 Qxd4 18. Nxd4 f6 19. Rad1 a6 20. Ne6 Rf7
21. f3 Bg6 22. Nf4 Bh7 23. Nxd5 Kf8 24. Kf2 Re8 25. Rxe8+ Kxe8 26. Rd4 Bb1 27.
a3 Ba2 28. Ne3 Be6 29. f4 Rc7 30. c4 Ke7 31. f5 Bf7 32. b4 Rc6 33. Kf3 a5 34.
Ke4 axb4 35. axb4 Ra6 36. Nd5+ Kf8 37. Nf4 Ke7 38. Nd5+ Kf8 39. Rd2 Ra1 40. Kd4
Rf1 41. Kc5 Rxf5 42. Kb6 Bxd5 43. Rxd5 Rf4 44. Rc5 1-0

[Event "22nd TCh-SLO 2012"]
[Site "Slovenia SLO"]
[Date "2012.12.02"]
[Round "6"]
[White "Jankovic,A"]
[Black "Polajzer,D"]
[Result "1-0"]
[WhiteTitle "GM"]
[BlackTitle "IM"]
[WhiteElo "2535"]
[BlackElo "2295"]
[WhiteTeam "ZSK Maribor"]
[BlackTeam "SD Tehcenter Ptuj"]
[WhiteFideId "14505959"]
[BlackFideId "14600218"]
[EventDate "2012.11.23"]

1. d4 d5 2. c4 c6 3. Nc3 Nf6 4. Nf3 dxc4 5. e4 b5 6. e5 Nd5 7. Ng5 h6 8. Nge4 e6
9. g3 Nb4 10. a3 Nd3+ 11. Bxd3 cxd3 12. Qxd3 b4 13. axb4 Bxb4 14. O-O O-O 15.
Bxh6 Nd7 16. Ng5 f5 17. exf6 Nxf6 18. Qg6 Qe7 19. Nce4 Rf7 20. Bxg7 Rxg7 21.
Nxf6+ Qxf6 22. Qxf6 Be7 23. Qf3 1-0